Maailman meret kartalla - Statistics

Yleistilastot
  • Tätä visaa on pelattu 122 kertaa
  • Keskiarvotulos 19 / 100
Vastaukset kartalla
Vastauksille on annettu kartalla punavihreä väri sen mukaan, kuinka moni on saanut sen oikein.
 
Vastaustilastot
Vesialue % Oikein
Atlantin valtameri
93%
Itämeri
90%
Intian valtameri
84%
Mustameri
83%
Tyynimeri
83%
Pohjoinen jäämeri
81%
Välimeri
81%
Pohjanlahti
74%
Pohjanmeri
74%
Punainenmeri
63%
Meksikonlahti
58%
Japaninmeri
56%
Karibianmeri
54%
Kaspianmeri
54%
Suomenlahti
52%
Norjanmeri
37%
Etelä-Kiinanmeri
36%
Barentsinmeri
33%
Arabianmeri
31%
Bengalinlahti
31%
Adrianmeri
30%
Aigeianmeri
30%
Beringinmeri
27%
Persianlahti
26%
Biskajanlahti
25%
Englannin Kanaali
25%
Panamanlahti
23%
Hudsoninlahti
21%
Hudsoninsalmi
21%
Keltainenmeri
20%
Irlanninmeri
19%
Suezinlahti
19%
Alaskanlahti
17%
Grönlanninmeri
17%
Guineanlahti
17%
Kalifornianlahti
17%
Itä-Kiinan meri
16%
Jaavanmeri
16%
Ohotanmeri
12%
Asovanmeri
11%
Kattegat
11%
Korallimeri
11%
Joonianlahti
10%
Marmaranmeri
10%
Riianlahti
10%
Siaminlahti
10%
Tyrrhenanmeri
9%
Vienanmeri
9%
Baffininlahti
7%
Celebesinmeri
7%
Filippiinienmeri
7%
Adeninlahti
6%
Andamaanienmeri
6%
Beaufortinmeri
6%
Kelttimeri
6%
Skagerrak
6%
Tasmaninmeri
6%
Karanmeri
5%
{Luoteis}väylä
5%
Malakansalmi
5%
San Franciscon lahti
5%
Arafuranmeri
4%
Labradorinmeri
4%
Laptevinmeri
4%
Ligurianmeri
4%
Mosambikin kanaali
4%
Timorinmeri
4%
Akabanlahti
2%
Anadyrinlahti
2%
Baleaarienmeri
2%
Bandanmeri
2%
Bassinsalmi
2%
Carpentarianlahti
2%
Cookinsalmi
2%
Davisinsalmi
2%
Iso Australian mutka
2%
Itä-Siperian meri
2%
Lakkadiivienmeri
2%
Omaninlahti
2%
Río de la Plata
2%
Tonkininlahti
2%
Alboráninmeri
1%
Bismarckinmeri
1%
Boninlahti
1%
Floresinmeri
1%
Fundynlahti
1%
Halmaheranmeri
1%
Mainenlahti
1%
Makassarinsalmi
1%
Molukkienmeri
1%
Petšoranmeri
1%
Saint Lawrencen lahti
1%
Salishinmeri
1%
Salomonmeri
1%
Savunmeri
1%
Tokionlahti
1%
Tomininlahti
1%
Tšuktšimeri
1%
Seraminmeri
0%
Sulunmeri
0%
Ehtoja vastaavia visoja ei löytynyt
Tulosjakauma
Jokaisen tuloksen saaneiden osuus
Persentiili vastausten määrän mukaan
Tuloshistoriasi
Et ole pelannut tätä visaa